Statistics for Top 10 More Popular Irish Surnames

Click here to take the quiz!

General Stats

  • This quiz has been taken 649 times
  • The average score is 4 of 10

Answer Stats

HintAnswer% Correct
1Murphy
70%
8O'Connor
45%
5O'Brien
44%
2Kelly
38%
9O'Neill
38%
3O'Sullivan
34%
7Ryan
27%
4Walsh
23%
10O'Reilly
22%
6Byrne
20%

Score Distribution

Percentile by Number Answered

Percent of People with Each Score

Your Score History

You have not taken this quiz